El pensamiento de Rodrigo Facio y sus aportes a la ideología de : Modernización capitalista en Costa Rica (Un examen socio-filosófico de algunos tópicos claves de este pensamiento)
Сохранить в:
| Главный автор: | |
|---|---|
| Формат: | |
| Язык: | Undetermined |
| Опубликовано: |
San José, Costa Rica
Escuela de Filosofía, Universidad de Costa Rica
1980
|
| Предметы: | |
| Метки: |
Добавить метку
Нет меток, Требуется 1-ая метка записи!
|
MARC
| LEADER | 00000nam a2200000Ia 4500 | ||
|---|---|---|---|
| 008 | 170316s9999 xx 000 0 und d | ||
| 040 | |a cru BVZT | ||
| 090 | |a Tesis 220 | ||
| 100 | |a Molina Jiménez, Carlos | ||
| 245 | |a El pensamiento de Rodrigo Facio y sus aportes a la ideología de : Modernización capitalista en Costa Rica (Un examen socio-filosófico de algunos tópicos claves de este pensamiento) | ||
| 260 | |a San José, Costa Rica | ||
| 260 | |b Escuela de Filosofía, Universidad de Costa Rica | ||
| 260 | |c 1980 | ||
| 300 | |a 291 páginas | ||
| 650 | |a LICENCIATURA EN FILOSOFÍA | ||
| 650 | |a TRABAJO FINAL DE GRADUACIÓN | ||
| 999 | |c 13834 |d 13834 | ||
| 942 | |c TFG |h Tesis 220 |2 z | ||
